Antología de estudios sobre enseñanza del derecho
Uloženo v:
| Hlavní autor: | |
|---|---|
| Médium: | Kniha |
| Jazyk: | španělština |
| Vydáno: |
Ciudad de México
UNAM
1976
|
| Vydání: | 1a. ed |
| Edice: | Serie J: Enseñanza del Derecho y Material Didáctico, 1
|
| Témata: | |
| Tagy: |
Přidat tag
Žádné tagy, Buďte první, kdo vytvoří štítek k tomuto záznamu!
|
MARC
| LEADER | 00000nam a2200000 a 4500 | ||
|---|---|---|---|
| 001 | UCK4206 | ||
| 003 | CL-VaPUC | ||
| 008 | 050527e19760000MX |||||||||||||||||spa|d | ||
| 082 | 0 | 4 | |a 340.0711 |b WIT |2 21 |
| 100 | 0 | |a Witker V., Jorge |e author |9 492674 | |
| 245 | 1 | 0 | |a Antología de estudios sobre enseñanza del derecho |
| 250 | |a 1a. ed | ||
| 300 | |a 315 p | ||
| 942 | |c BK | ||
| 945 | |d 20050527 00:00:00 |a cmena | ||
| 260 | |a Ciudad de México |b UNAM |c 1976 | ||
| 650 | 0 | |a Educación superior |9 223851 | |
| 650 | 0 | |a Enseñanza del derecho |9 354184 | |
| 650 | 0 | |a Métodos de enseñanza |9 270413 | |
| 650 | 0 | |a Filosofía del derecho |9 255050 | |
| 583 | |a last modification |c 20050527 00:00:00 |k Rodrigo Vera | ||
| 490 | 0 | |a Serie J: Enseñanza del Derecho y Material Didáctico, 1 | |
| 999 | |c 313146 |d 313144 | ||
| 952 | |0 0 |1 0 |4 0 |6 340_071100000000000_WIT_1976 |7 0 |8 A |9 384247 |a BIBDER |b BIBDER |d 2019-11-22 |i 4120205 |l 2 |m 5 |o 340.0711 WIT 1976 |p 4120205 |q 2025-12-31 |r 2020-03-20 |s 2020-03-20 |w 2019-11-22 |y BK |k DER | ||